000 00691nas a2200229Ia 4500
001 A50/R096-6883 [r000004078]
003 IT-MiCISF
005 20230301120425.0
008 161014c99999999xx |||||||||||| ||und||
040 _aIT-MiCISF
_cIT-MiCISF
041 _aITALIANO
100 _aLorenzetti Luigi
_959460
245 0 _aLa trasmissione della vita tra natura e artificio
250 _a"Il regno. Attualità", n. 6, 15 marzo
260 _c1985
300 _app. 160-164
500 _a bioetica, tecnologie-riproduttive, procreazione-artificiale, procreazione-responsabile, norme-morali
650 _aBioetica
_956169
654 _aarticolo
942 _cCR
_2ddc
999 _c244454
_d244454
999 _bSi